Textbook on contract law. / (Record no. 724)
[ view plain ]
| 000 -LEADER | |
|---|---|
| fixed length control field | 01659cam a22002774a 4500 |
| 001 - CONTROL NUMBER | |
| control field | 15393901 |
| 005 - DATE AND TIME OF LATEST TRANSACTION | |
| control field | 20210414113927.0 |
| 008 - FIXED-LENGTH DATA ELEMENTS--GENERAL INFORMATION | |
| fixed length control field | 080802s2008 enk b 001 0 eng |
| 010 ## - LIBRARY OF CONGRESS CONTROL NUMBER | |
| LC control number | 2008276201 |
| 020 ## - INTERNATIONAL STANDARD BOOK NUMBER | |
| International Standard Book Number | 9780199233519 (pbk. : alk. paper) |
| 040 ## - CATALOGING SOURCE | |
| Original cataloging agency | DLC |
| Transcribing agency | DLC |
| 043 ## - GEOGRAPHIC AREA CODE | |
| Geographic area code | e-uk-en |
| -- | e-uk-wl |
| 050 00 - LIBRARY OF CONGRESS CALL NUMBER | |
| Classification number | KD1554.P66 |
| 100 1# - MAIN ENTRY--PERSONAL NAME | |
| Personal name | Poole, Jill. |
| 245 10 - TITLE STATEMENT | |
| Title | Textbook on contract law. / |
| Statement of responsibility, etc. | Jill Poole. |
| 250 ## - EDITION STATEMENT | |
| Edition statement | 9th ed. |
| 260 ## - PUBLICATION, DISTRIBUTION, ETC. | |
| Place of publication, distribution, etc. | Oxford ; |
| -- | New York : |
| Name of publisher, distributor, etc. | Oxford University Press, |
| Date of publication, distribution, etc. | c2008. |
| 300 ## - PHYSICAL DESCRIPTION | |
| Extent | xlviii, 667 p. |
| Dimensions | 25 cm. |
| Other physical details | ill |
| 500 ## - GENERAL NOTE | |
| General note | 10th ed.- cataloged as a serial in LC. |
| Institution to which field applies | DLC |
| 505 0# - FORMATTED CONTENTS NOTE | |
| Formatted contents note | Introduction to the law of contract -- Agreement -- Agreement problems -- Consideration, promissory estoppel, and form -- Intention to create legal relations -- Content of the contract and principles of interpretation -- Exemption clauses and unfair contract terms -- Discharge by performance, agreement, and breach -- Damages for breach of contract -- Remedies providing for specific relief and restitutionary remedies -- Privity of contract and third party rights -- Discharge by frustration : subsequent impossibility -- Non-agreement mistake -- Misrepresentation -- Duress, undue influence, and unconscionable bargains -- Illegality and capacity to contract. |
| 650 #0 - SUBJECT ADDED ENTRY--TOPICAL TERM | |
| Topical term or geographic name entry element | Contracts |
| Geographic subdivision | England. |
| 650 #0 - SUBJECT ADDED ENTRY--TOPICAL TERM | |
| Topical term or geographic name entry element | Contracts |
| Geographic subdivision | Wales. |
| 906 ## - LOCAL DATA ELEMENT F, LDF (RLIN) | |
| a | 7 |
| b | cbc |
| c | origcop |
| d | 2 |
| e | ncip |
| f | 20 |
| g | y-gencatlg |
| 942 ## - ADDED ENTRY ELEMENTS (KOHA) | |
| Source of classification or shelving scheme | Library of Congress Classification |
| Koha item type | Books |
| Withdrawn status | Lost status | Source of classification or shelving scheme | Damaged status | Not for loan | Home library | Current library | Shelving location | Date acquired | Total Checkouts | Full call number | Barcode | Date last seen | Copy number | Price effective from | Koha item type |
|---|---|---|---|---|---|---|---|---|---|---|---|---|---|---|---|
| Library of Congress Classification | WISCONSIN INTERNATIONAL UNIVERSITY COLLEGE, GHANA - MAIN LIBRARY | WISCONSIN INTERNATIONAL UNIVERSITY COLLEGE, GHANA - MAIN LIBRARY | General Stacks | 19/04/2012 | KD1554.P66 | 1784/12 | 19/04/2012 | 1 | 19/04/2012 | Books | |||||
| Library of Congress Classification | WISCONSIN INTERNATIONAL UNIVERSITY COLLEGE, GHANA - MAIN LIBRARY | WISCONSIN INTERNATIONAL UNIVERSITY COLLEGE, GHANA - MAIN LIBRARY | General Stacks | 19/04/2012 | KD1554.P661 | 1785/12 | 19/04/2012 | 2 | 19/04/2012 | Books | |||||
| Library of Congress Classification | WISCONSIN INTERNATIONAL UNIVERSITY COLLEGE, GHANA - MAIN LIBRARY | WISCONSIN INTERNATIONAL UNIVERSITY COLLEGE, GHANA - MAIN LIBRARY | General Stacks | 19/04/2012 | KD1554.P662 | 1786/12 | 19/04/2012 | 3 | 19/04/2012 | Books | |||||
| Library of Congress Classification | WISCONSIN INTERNATIONAL UNIVERSITY COLLEGE, GHANA - MAIN LIBRARY | WISCONSIN INTERNATIONAL UNIVERSITY COLLEGE, GHANA - MAIN LIBRARY | General Stacks | 19/04/2012 | KD1554.P663 | 1787/12 | 19/04/2012 | 4 | 19/04/2012 | Books |
